Guess the Album Songs - Reputation - Statistics

General Stats
  • This quiz has been taken 66 times
  • The average score is 14 of 15
Answer Stats
Answer % Correct
Look What You Made Me Do
100%
…Ready For It?
100%
Don’t Blame Me
98%
Getaway Car
98%
Delicate
96%
End Game
96%
I Did Something Bad
96%
So It Goes…
96%
Dancing With Our Hands Tied
94%
Dress
94%
Gorgeous
94%
New Year’s Day
94%
Call It What You Want
92%
King Of My Heart
92%
This Is Why We Can’t Have Nice Things
92%
No matching quizzes found
Score Distribution
Percent of People with Each Score
Percentile by Number Answered
Your Score History
You have not taken this quiz